000 00682na a2200217 4500
001 21127
003 MIRAKIL
005 20181213155035.0
008 170207b tu 000 0
040 _aMilas
_btur
_cTR-AnCHP
041 _atur
082 _a351.7223
_bA52i 2009
090 _a351.7223 A52i 2009
110 _aAnayasa Mahkemesi Başkanlığı
245 _a2009 yılı bütçe tasarısı
_cAnayasa Mahkemesi Başkanlığı
260 _aAnkara
_bAnayasa Mahkemesi Başkanlığı
_c2009
300 _ayaklaşık 20 s.
_btbl.
_c20 sm.
610 _aAnayasa Mahkemesi
_xBütçe tasarısı
_y2009
710 _aT.C. Anayasa Mahkemesi Başkanlığı
942 _2ddc
_cBKS
999 _c5379
_d5379